000 00551nam a22001817a 4500
999 _c185447
_d185447
005 20220203102111.0
010 _aENG-131168
020 _a9789390869374
_c270.00
035 _aEN-114900
037 _bDBAD
082 _aS
100 _aAbhimanyu
245 _aSAAT:
_b7 Short Stories/
_cAbhimanyu
260 _aMaharashtra
_bVihwakarma Publications
_c2021
270 _a34A/1, Suyog Center, 7th Floor, Gultekadi Marketyard Road, Giridhar Bhavan Chowk
_bPune
_e411037
_minfo@vpindia.co.in
300 _a205p.
_c22cm(pbk)
942 _2ddc
_cEN
_hS
_mABH